00654nam a22001937a 450000500170000001000150001702000110003203500140004303700090005708200080006610000360007424500640011026000420017427000550021630000220027194200220029399900190031595201260033420250728153315.0 aENG-146150 c395.00 aEN-129682 bDBAD a921 aGangopadhyay Bipul Kumar983427 aRabindranath Tagore Among Saints/cBipul Kumar gangopadhyay aNew DelhibVitasta Publishing Pvt Ltd a4348/4C, Ansari Road, DaryaganjbNew Delhie110002 a163p.c21.5cm(pb) 2ddccENh921mGAN c212688d212688 001040708NFICaBNbBNd2025-07-28eDBADg395.00l0o921 GANpEN-129682r2025-07-28 00:00:00t1v395.00w2025-07-28yEN